00721nam a22002057a 4500003000400000008004100004082001800045100002400063245014200087260006800229300000900297502001700306650001700323650000900340650001100349650001100360942001100371999001700382952011600399OSt260430b |||||||| |||| 00| 0 eng d a635.648bM29E aMandal, Parma Nand. aEffect of the Growth Regulators on Growth, Yield and Quality of Hybrid Okra (Abelmoschus esculentus (L.) Moench) / cby Parma Nand Mandal a.- Sabour, Bhagalpurb: Bihar Agricultural College, RAUc, 2007 a68p. bM. Sc.d2007 aHorticulture aOkra aThesis aM. Sc. 2ddccT c50344d50344 00102ddc4070aRAUbRAUd2026-04-30eby Authorg0.00l0o635.648 M29Ep55590r2026-04-30w2026-04-30yTkGift